| 000 | 00904nam a22002297a 4500 | ||
|---|---|---|---|
| 999 |
_c3829 _d3829 |
||
| 003 | AR-CdUCM | ||
| 008 | 190307b ||||| |||| 00| 0 spa d | ||
| 040 |
_aMUNICIPALIDAD PROVINCIAL DEL CUSCO _cBIBLIOTECA MUNICIPAL DEL CUSCO |
||
| 082 |
_a341.4 / _bC26 |
||
| 100 |
_aCarnelutti, Francesco _95136 |
||
| 245 | _aMetodología del derecho / | ||
| 260 |
_aMéxico : _bU.T.E.H.A., _c1962. |
||
| 300 |
_a78 páginas ; _c17 cm. |
||
| 440 |
_aManuales U.T.E.H.A _n124 - derecho _912323 |
||
| 505 | _aContenido: Ciencia y técnica -- Metodología y técnica científica -- Variedad de los ordenamientos jurídicos -- Principio de la realidad del derecho -- Formación e integración de los conceptos .. | ||
| 650 |
_aOrdenamientos jurídicos _912078 |
||
| 650 |
_aDerecho _9739 |
||
| 650 |
_aDinámica del derecho _912324 |
||
| 700 |
_aOsorio,Angel (traductor) _912325 |
||
| 942 |
_2ddc _cLIBROS |
||
| 945 | _aafb | ||